| 000 | 00577nam a2200181 i 4500 | ||
|---|---|---|---|
| 001 | 26518 | ||
| 003 | ES-MaACL | ||
| 005 | 20250831123108.0 | ||
| 007 | t| | ||
| 008 | 030109s1924 sp ||||1| spa d | ||
| 245 | 0 | 0 | _aAvance estadístico de huelgas correspondiente al primer semestre de 1923. |
| 260 |
_aMadrid : _b[s.n., _c1924] ( _fSuc. de M. Minuesa de los Ríos) |
||
| 300 | _a30 p. | ||
| 500 | _aPublicaciones del Instituto de Reformas Sociales. | ||
| 710 | 2 |
_aInstituto de Reformas Sociales (España) _95000 |
|
| 852 |
_aES-MaACL _j1669-F-9 |
||
| 999 |
_c26518 _d26518 |
||